Central Library OPAC University of Rajshahi

Guide to the ballet / (Record no. 17170)

MARC details
000 -LEADER
fixed length control field 00794nam a22002771 4500
001 - CONTROL NUMBER
control field 17170
003 - CONTROL NUMBER IDENTIFIER
rucl marc code BD-RjUL
005 - DATE AND TIME OF LATEST TRANSACTION
control field 20211209000111.0
008 - FIXED-LENGTH DATA ELEMENTS--GENERAL INFORMATION
fixed length control field 140216s1963 nyuac 001 0 eng
035 ## - SYSTEM CONTROL NUMBER
System control number (BD-RjUL)17227
040 ## - CATALOGING SOURCE
Original cataloging agency DLC
Transcribing agency DLC
Modifying agency DLC
-- BD-RjUL
Language of cataloging eng
041 1# - LANGUAGE CODE
Language code of text/sound track or separate title engdut
082 00 - DEWEY DECIMAL CLASSIFICATION NUMBER
Classification number 792.8
Author mark and year VEG 1963
100 1# - MAIN ENTRY--PERSONAL NAME
Personal name Verwer, Hans,
Dates associated with a name 1911-
9 (RLIN) 52956
245 00 - TITLE STATEMENT
Title Guide to the ballet /
Statement of responsibility, etc. Translated from the Dutch by Henry Mins.
260 ## - PUBLICATION, DISTRIBUTION, ETC. (IMPRINT)
Place of publication, distribution, etc. New York :
Name of publisher, distributor, etc. Barnes & Noble,
Date of publication, distribution, etc. c1963.
300 ## - PHYSICAL DESCRIPTION
Pagination viii, 201 p. :
Illustrations ill., ports. ;
Size 21 cm.
490 0# - SERIES STATEMENT
Series statement Everyday handbooks
500 ## - GENERAL NOTE
General note "282."
General note Translation of Prisma balletboek.
504 ## - BIBLIOGRAPHY, ETC. NOTE
Bibliography, etc Includes index.
650 #0 - SUBJECT ADDED ENTRY--TOPICAL TERM
Topical term or geographic name as entry element Ballet.
9 (RLIN) 52957
942 ## - ADDED ENTRY ELEMENTS (KOHA)
Source of classification or shelving scheme Dewey Decimal Classification
Koha item type Books
Holdings
Lost status Source of classification or shelving scheme Damaged status Not for loan Collection code Permanent Location Current Location Shelving location Date acquired Source of acquisition Cost, normal purchase price Total Checkouts Full call number Date last seen Copy number Koha item type
  Dewey Decimal Classification   Not For Loan Non-fiction Central Library, University of Rajshahi Central Library, University of Rajshahi Reading Room 03/10/1973 Book centre 13.50   792.8 VEG 1963 16/02/2014 C-1 Books